000 00265nam a2200109Ia 4500
008 190907s9999||||xx |||||||||||||| ||und||
100 _aAshfaq Hussain
245 0 _aGentle Man : Alhamdullah
260 _aLahore
_bIdaraha Matbooaat
_c2001
300 _a232
942 _cBK
999 _c6229
_d6229